Statistics for All Countries Where the Capital isn't the Biggest City

Click here to take the quiz!

General Stats

  • This quiz has been taken 64 times
  • The average score is 27 of 35

Answer Stats

The Biggest CityCountry% Correct
SydneyAustralia
100%
Belize CityBelize
100%
TorontoCanada
98%
ShanghaiChina
96%
AucklandNew Zealand
96%
Sao PauloBrazil
94%
MumbaiIndia
94%
LagosNigeria
94%
JohannesburgSouth Africa
94%
New YorkUnited States
94%
Tel AvivIsrael
92%
IstanbulTurkey
92%
DubaiUnited Arab Emirates
92%
CasablancaMorocco
91%
ZurichSwitzerland
91%
Ho Chi Minh CityVietnam
91%
KarachiPakistan
89%
Dar es SalaamTanzania
87%
AleppoSyria
85%
ColomboSri Lanka
81%
AlmatyKazakhstan
74%
YangonMyanmar
72%
AbidjanIvory Coast
68%
Santa CruzBolivia
66%
GuayaquilEcuador
66%
MaracaiboVenezuela
66%
DoualaCameroon
58%
BujumburaBurundi
55%
KororPalau
47%
St. Paul's BayMalta
45%
ChaguanasTrinidad and Tobago
45%
SchaanLiechtenstein
43%
WenoFederated States of Micronesia
42%
SerravalleSan Marino
42%
BataEquatorial Guinea
40%

Score Distribution

Percentile by Number Answered

Percent of People with Each Score

Your Score History

You have not taken this quiz